Electropulido y anodización de metales / (Record no. 62229)

MARC details
000 -LEADER
campo de control de longitud fija 00576nam a2200181 i 4500
001 - NÚMERO DE CONTROL
campo de control 62229
003 - IDENTIFICADOR DE NÚMERO DE CONTROL
campo de control ES-MaACL
005 - FECHA Y HORA DE LA ÚLTIMA TRANSACCIÓN
campo de control 20230906164630.0
007 - CAMPO FIJO DE DESCRIPCIÓN FÍSICA--INFORMACIÓN GENERAL
campo de control de longitud fija t|
008 - DATOS DE LONGITUD FIJA--INFORMACIÓN GENERAL
campo de control de longitud fija 031119s1972 sp ||||1| spa d
100 1# - ENTRADA PRINCIPAL--NOMBRE DE PERSONA
Nombre de persona Fedotiev, N. P.
9 (RLIN) 49081
245 10 - MENCIÓN DEL TÍTULO
Título Electropulido y anodización de metales /
Mención de responsabilidad, etc. N.P. Fedotiev, S.Y. Grilijes ; versión F. Palau Siurana.
260 ## - PUBLICACIÓN, DISTRIBUCIÓN, ETC.
Lugar de publicación, distribución, etc. Barcelona :
Nombre del editor, distribuidor, etc. Gustavo Gili,
Fecha de publicación, distribución, etc. [1972]
300 ## - DESCRIPCIÓN FÍSICA
Extensión 270 p., 1 lám. :
Otras características físicas il. ;
Dimensiones 21 cm.
700 1# - ENTRADA AGREGADA--NOMBRE PERSONAL
Nombre de persona Grilijes, S. Y.
9 (RLIN) 60028
700 1# - ENTRADA AGREGADA--NOMBRE PERSONAL
Nombre de persona Palau Siurana, F.
9 (RLIN) 88502
852 ## - LOCALIZACIÓN
Ubicación ES-MaACL
Número de control de estantería C-43375
Sublocalización o colección R.83225
Holdings
Estatus retirado Estado de pérdida Estado de daño No para préstamo Biblioteca de origen Biblioteca actual Ubicación en estantería Fecha de adquisición Fuente de adquisición Total de préstamos Signatura topográfica completa Código de barras Visto por última vez Precio de reemplazo Tipo de ítem Koha
        Biblioteca del Ateneo de Madrid Biblioteca del Ateneo de Madrid Depósito 2 17/01/2008     C-43375 1065237 23/02/2023 23/02/2023 Libro impreso